Qatar Airways fleet by picture - Statistics

General Stats
  • This quiz has been taken 52 times
    48 since last reset
  • The average score is 10 of 12
Answer Stats
Picture Answer % Correct
A350-900
100%
A380-800
100%
A350-1000
97%
A320-200
94%
A321-200
89%
A330-300
89%
A330-200
86%
A319-100
77%
B787-8
77%
B787-9
77%
B777-200
74%
B777-300
74%
No matching quizzes found
Score Distribution
Percent of People with Each Score
Percentile by Number Answered
Your Score History
You have not taken this quiz since the last reset